| 000 | 00729nam a22002177a 4500 | ||
|---|---|---|---|
| 005 | 20240530110955.0 | ||
| 008 | 221204s2009 au a f b 000 0 eng d | ||
| 017 | _a2008/5/1580 | ||
| 040 |
_aEG-CaGPL _cEG-CaGPL |
||
| 082 | 0 | 4 |
_221 _a615.1 _bب ع |
| 100 | 0 | _aبسام بدوى الحلاق | |
| 245 | 1 | 0 |
_aعلم الدواء الحديث / _cتاليف بسام بدوى الحلاق ، ربى عونى السعيد |
| 250 | _aط.1 | ||
| 260 |
_aعمان : _bمكتبة المجتمع العربى للنشر والتوزيع، _c2009 |
||
| 300 |
_a503 ص. ؛ _c24 سم. |
||
| 650 | 0 | 7 | _aالادوية |
| 650 | 0 | 7 | _aالصيدلة |
| 651 | _2qrmak | ||
| 942 |
_2ddc _cBK |
||
| 999 |
_c67067 _d67067 |
||